Library Banner

Anwa e falsafa(انواع فلسفہ) (Record no. 102668)

MARC details
000 -LEADER
fixed length control field 00420nam a22001457a 4500
005 - DATE AND TIME OF LATEST TRANSACTION
control field 20180206132339.0
008 - FIXED-LENGTH DATA ELEMENTS--GENERAL INFORMATION
fixed length control field 180206b xxu||||| |||| 00| 0 eng d
040 ## - CATALOGING SOURCE
Transcribing agency PK-LaUMT
082 ## - DEWEY DECIMAL CLASSIFICATION NUMBER
Classification number PKAC 100
Item number ZAF-A
100 ## - MAIN ENTRY--PERSONAL NAME
Personal name Zafar Hussain Khan
245 ## - TITLE STATEMENT
Title Anwa e falsafa(انواع فلسفہ)
Statement of responsibility, etc Zafar Hussain Khan
260 ## - PUBLICATION, DISTRIBUTION, ETC. (IMPRINT)
Place of publication, distribution, etc علی گڑھ:
Name of publisher, distributor, etc انجمن ترقی اردو ہند،
Date of publication, distribution, etc 1953
300 ## - PHYSICAL DESCRIPTION
Extent 368
942 ## - ADDED ENTRY ELEMENTS (KOHA)
Koha item type Books
Holdings
Withdrawn status Lost status Damaged status Home library Current library Date acquired Full call number Barcode Date last seen Price effective from Koha item type
      UMT Main Campus UMT Main Campus 2018-02-06 PKAC 100 ZAF-A 118798 2018-02-06 2018-02-06 Books